| 000 | 00656nam a2200253Ia 4500 | ||
|---|---|---|---|
| 003 | OSt | ||
| 005 | 20221005090233.0 | ||
| 006 | a|||||r|||| 00| 0 | ||
| 007 | ta | ||
| 008 | 221004b |||||||| |||| 00| 0 eng d | ||
| 020 | _a0471392588 | ||
| 024 | _a79762 | ||
| 037 | _cTextual | ||
| 040 |
_aCRL _cCRL _beng |
||
| 041 |
_2eng _aeng |
||
| 082 | _aS:86, P2 | ||
| 100 | _aHersen Michel | ||
| 245 | 0 |
_aClinical behavior therapy _b Adults and children |
|
| 260 |
_aNew York _bJohn Wiley and Sons Inc. _c2002 |
||
| 300 |
_a513p. _ccm. |
||
| 650 | _aPSYCHOLOGY | ||
| 942 |
_hS:86, P2 _cTEXL _2cc |
||
| 999 |
_c995395 _d995395 |
||